| 000 | 00557nam a22001697a 4500 | ||
|---|---|---|---|
| 005 | 20140310183635.0 | ||
| 008 | 131126b xxu||||| |||| 00| 0 eng d | ||
| 020 | _a9789715849180 | ||
| 050 |
_aHF 5635 _b.Ad244 2009 |
||
| 100 | _aAduana, Nick L. | ||
| 245 |
_aIntroduction to Financial Accounting : _bPreparation, Presentation, Analysis and interpretation of financial Statements _cNick L. Aduana |
||
| 260 |
_aQuezon : _bC & E Publishing, Inc. , _c2009 |
||
| 300 |
_a306 p. : _bill. ; _c26 cm. |
||
| 521 | _aBSA | ||
| 546 | _aC14459 | ||
| 942 |
_2lcc _cBK _kLOC |
||
| 999 |
_c25695 _d25695 |
||